Z mozaiky túžob sa mi splnil ďalší sen s členkou divadla Astorka, herečkou a speváčkou Szidi Tobias

Bibliographic Details
Main Authors: Derňár, Peter, 1975- (ain), Tóbiás, Szidi, 1967- (Author, uin)
Format: Article
Language:Slovak
PhysicalDescription:Fotogr.
Subjects:

MARC

LEADER 00000nab a2200000 a 4500
001 vtls000752625
003 SK-MaSNL
005 20260302192257.0
008 180205c2001 xo 0 slo
015 |a SNBRB2001/03-11701 
035 |a CLN000104413 
040 |a SNKBUCL  |b slo  |c SNKBUCL  |e AACR2 
041 0 |a slo 
044 |a xo  |c SK 
080 |a 792.071.2  |2 UDC-MRF-SK2 
080 |a 791.44.071.2  |2 UDC-MRF-SK2 
100 1 |a Derňár, Peter,  |d 1975-  |4 ain  |9 224453 
245 1 0 |a Z mozaiky túžob sa mi splnil ďalší sen  |b s členkou divadla Astorka, herečkou a speváčkou Szidi Tobias  |c [zhováral sa] Peter Derňár 
300 |b Fotogr. 
600 1 7 |a Tóbiás, Szidi,  |d 1967-  |2 snkbucl  |9 107734 
655 7 |a články z novín a časopisov  |2 snkbucl  |9 267496 
700 1 |a Tóbiás, Szidi,  |d 1967-  |4 aut  |4 uin  |9 107734 
773 0 |t Národná obroda  |g Roč. 12, č. 61 (14.3.2001), s. 15 
850 |a Slovenská národná knižnica v Martine 
852 |a SNK  |b KIS3GCP 
958 |a RBX 
999 |c 1440157  |d 1442087